| Tag |
First Indicator |
Second Indicator |
Subfields |
| LEADER |
00000cam a2200000Ia 4500 |
| 001 |
in00001681521 |
| 005 |
20151024131114.0 |
| 008 |
020305s2000 ag a bd 000 0 spa d |
| 020 |
|
|
|a 9507540717
|
| 035 |
|
|
|a (OCoLC)ocm49244262
|
| 040 |
|
|
|a IF9
|c IF9
|d PIT
|d TXA
|d UtOrBLW
|
| 043 |
|
|
|a s-ag---
|a s-cl---
|
| 049 |
|
|
|a TXAM
|
| 090 |
|
|
|a GR133.A72
|b P34 2000
|
| 092 |
|
|
|a 398.209827
|b Cuentos
|
| 245 |
0 |
0 |
|a Cuentos, mitos y leyendas patagónicos /
|c selección y prólogo de Nahuel Montes.
|
| 246 |
1 |
4 |
|a Cuentos, mitos y leyendas patagónicos
|
| 264 |
|
1 |
|a Buenos Aires :
|b Ediciones Continente,
|c [2000]
|
| 264 |
|
4 |
|c ©2000
|
| 300 |
|
|
|a 125 pages :
|b illustrations ;
|c 24 cm.
|
| 336 |
|
|
|a text
|b txt
|2 rdacontent
|
| 337 |
|
|
|a unmediated
|b n
|2 rdamedia
|
| 338 |
|
|
|a volume
|b nc
|2 rdacarrier
|
| 490 |
0 |
|
|a Colección mitos, cuentos y leyendas
|
| 504 |
|
|
|a Includes bibliographical references (pages 123-125) and glossary.
|
| 650 |
|
0 |
|a Legends
|z Patagonia (Argentina and Chile)
|
| 651 |
|
0 |
|a Patagonia (Argentina and Chile)
|x Mythology.
|
| 650 |
|
0 |
|a Tales
|z Patagonia (Argentina and Chile)
|
| 650 |
|
0 |
|a Indian mythology
|z South America
|z Patagonia (Argentina and Chile)
|
| 650 |
|
0 |
|a Indians of South America
|z Patagonia (Argentina and Chile)
|x Folklore.
|
| 650 |
|
7 |
|a Leyendas
|z Patagonia (Argentina y Chile)
|2 bidex
|
| 651 |
|
7 |
|a Patagonia (Argentina y Chile)
|x Mitología.
|2 bidex
|
| 650 |
|
7 |
|a Cuentos populares
|z Patagonia (Argentina y Chile)
|2 bidex
|
| 650 |
|
7 |
|a Indios de América del Sur
|z Patagonia (Argentina y Chile)
|x Mitología.
|2 bidex
|
| 650 |
|
7 |
|a Indios de América del Sur
|z Patagonia (Argentina y Chile)
|x Leyendas.
|2 bidex
|
| 700 |
1 |
|
|a Montes, Nahuel.
|
| 994 |
|
|
|a E0
|b TXA
|
| 948 |
|
|
|a cataloged
|b h
|c 2002/5/13
|d c
|e fpiscitelli
|f 6:27:44 pm
|
| 999 |
|
|
|a MARS
|
| 999 |
f |
f |
|s 5e8b79cd-8a87-3281-af66-1bedd1fa1cb4
|i 2cafb0c0-7ec9-3177-8b47-23eab9522239
|t 0
|
| 952 |
f |
f |
|p normal
|a Texas A&M University
|b College Station
|c Sterling C. Evans Library
|d Evans: Library Stacks
|t 0
|e GR133.A72 P34 2000
|h Library of Congress classification
|i unmediated -- volume
|m A14828839894
|
| 998 |
f |
f |
|a GR133.A72 P34 2000
|t 0
|l Evans: Library Stacks
|